[Event "Paris-ch op"]
[Site "Paris"]
[Date "2002.07.09"]
[Round "4"]
[White "Pira, Davoud"]
[Black "Lempereur, Frederic"]
[Result "0-1"]
[WhiteElo "2447"]
[BlackElo "2236"]
[PlyCount "66"]
[EventDate "2002.07.06"]
[EventType "swiss"]
[EventRounds "9"]
[EventCountry "FRA"]
[SourceTitle "CBM 089 Extra"]
[Source "ChessBase"]
[SourceDate "2002.09.10"]
[SourceVersion "2"]
[SourceVersionDate "2002.09.10"]
[SourceQuality "1"]

1. Nf3 d5 2. c4 c6 3. e3 Nf6 4. b3 Bg4 5. Bb2 Nbd7 6. d4 e6 7. Nbd2 Ne4 8. h3 Nxd2 9. Qxd2 Bf5 10. Be2 Bd6 11. 0-0 0-0 12. Rac1 Nf6 13. c5 Bc7 14. Qb4 Rb8 15. Bc3 Ne4 16. Be1 Qf6 17. Qa3 Qh6 18. Ne5 f6 19. Ng4 Bxg4 20. Bxg4 f5 21. Bf3 Ng5 22. Bd1 Nxh3+ 23. gxh3 Qxh3 24. f4 Rf6 25. Kf2 Qh2+ 26. Kf3 Rg6 27. Rc2 Qh5+ 28. Kf2 Qh2+ 29. Kf3 Qh5+ 30. Kf2 Qxd1 31. Qc1 Qg4 32. Bc3 Bd8 33. e4 Qg2+ 0-1

[Event "Paris Criteriums op"]
[Site "Paris"]
[Date "1997.??.??"]
[Round "?"]
[White "Chinchilla Miranda, Eugenio"]
[Black "Lempereur, Frederic"]
[Result "0-1"]
[WhiteElo "2300"]
[BlackElo "2295"]
[PlyCount "73"]
[EventDate "1997.??.??"]
[EventType "team-tourn"]
[EventRounds "9"]
[EventCountry "FRA"]
[SourceTitle "EXT 2004"]
[Source "ChessBase"]
[SourceDate "2003.11.25"]
[SourceVersion "1"]
[SourceVersionDate "2003.11.25"]
[SourceQuality "1"]

1. e4 e6 2. d4 d5 3. Nc3 Bb4 4. Bd3 dxe4 5. Bxe4 Nf6 6. Bf3 Nbd7 7. Nge2 0-0 8. 0-0 e5 9. Bg5 Be7 10. Ng3 h6 11. Be3 exd4 12. Bxd4 Nc5 13. Re1 Be6 14. b4 Ncd7 15. b5 Nc5 16. Qd2 c6 17. Qe3 Ncd7 18. bxc6 bxc6 19. Bxc6 Rc8 20. Bb7 Rc4 21. Ba6 Ng4 22. Qxe6 fxe6 23. Bxc4 Ngf6 24. Bxe6+ Kh8 25. Rad1 Qa5 26. Nf5 Bb4 27. Re3 Nc5 28. Bc4 Na4 29. Nd5 Bc5 30. Nxf6 Bxd4 31. Rxd4 Qxf5 32. Ng4 Qxc2 33. Bb3 Qc1+ 34. Rd1 Qc6 35. Ne5 Qa6 36. Nf7+ Kh7 37. Ne5 0-1

[Event "FRA-chT"]
[Site "France"]
[Date "1995.??.??"]
[Round "?"]
[White "Lempereur, Frederic"]
[Black "Payen, Arnaud"]
[Result "1-0"]
[WhiteElo "2280"]
[BlackElo "2380"]
[PlyCount "81"]
[EventDate "1995.??.??"]
[EventType "team-tourn"]
[EventRounds "5"]
[EventCountry "FRA"]
[SourceTitle "EXT 2005"]
[Source "ChessBase"]
[SourceDate "2004.11.15"]
[SourceVersion "1"]
[SourceVersionDate "2004.11.15"]
[SourceQuality "1"]

1. Nf3 d5 2. g3 c6 3. Bg2 Nf6 4. b3 Bf5 5. Bb2 e6 6. 0-0 Be7 7. d3 0-0 8. Nbd2 h6 9. Qe1 Bh7 10. e4 a5 11. a4 Na6 12. Qe2 Nc7 13. Ne5 Nd7 14. Nxd7 Qxd7 15. f4 Bb4 16. Nf3 Qe7 17. Kh1 Rfe8 18. g4 f5 19. Ne5 Rad8 20. Rad1 Qf8 21. g5 g6 22. gxh6 Qxh6 23. Qf2 Na6 24. Qb6 Qf8 25. exd5 cxd5 26. c4 d4 27. Qxb7 Nc5 28. Qf3 Nxb3 29. Qg3 Qg7 30. Rg1 Bd6 31. Rde1 Kh8 32. Bc6 Re7 33. Qh4 Bxe5 34. Rxe5 Rf8 35. Qf2 Rd8 36. Qc2 Rc7 37. Rxe6 Nc5 38. Re8+ Rxe8 39. Bxe8 Qe7 40. Bxd4+ Kg8 41. Bxg6 1-0

[Event "Syre Memorial op 17th"]
[Site "Issy les Moulineaux"]
[Date "1994.??.??"]
[Round "4"]
[White "Vuillerme, Francois"]
[Black "Lempereur, Frederic"]
[Result "1/2-1/2"]
[WhiteElo "1950"]
[BlackElo "2300"]
[PlyCount "92"]
[EventDate "1994.05.??"]
[EventType "swiss"]
[EventRounds "6"]
[EventCountry "FRA"]
[SourceTitle "EXT 2004"]
[Source "ChessBase"]
[SourceDate "2003.11.25"]
[SourceVersion "1"]
[SourceVersionDate "2003.11.25"]
[SourceQuality "1"]

1. Nf3 g6 2. g3 Bg7 3. Bg2 e5 4. d3 f5 5. c4 d6 6. 0-0 Nc6 7. Nc3 Nf6 8. Rb1 a5 9. a3 0-0 10. b4 axb4 11. axb4 h6 12. b5 Ne7 13. Bb2 g5 14. Ra1 Rb8 15. Ra7 Ng6 16. Nd2 h5 17. Qb3 Kh8 18. Rfa1 h4 19. Ra8 Rxa8 20. Rxa8 Qe7 21. Nd5 Nxd5 22. cxd5 Bh6 23. b6 g4 24. Qc2 Qf7 25. Bc1 Bxd2 26. Bxd2 f4 27. Qxc7 Ne7 28. Qxd6 fxg3 29. Qxe5+ Kg8 30. fxg3 h3 31. Bf4 hxg2 32. d6 Ng6 33. Qg5 Kh7 34. Qh6+ Kg8 35. Qg5 Kh7 36. Qh6+ Kg8 37. Qg5 Bd7 38. Rxf8+ Kxf8 39. Qd8+ Kg7 40. Qg5 Kg8 41. Qd8+ Nf8 42. Kxg2 Bc6+ 43. Kf2 Kh7 44. Qh4+ Kg8 45. Qg5+ Kh7 46. Ke3 Ne6 1/2-1/2